Ithaka láthatatlan partvidéke

Bibliographic Details
Main Author: Halmai, Tamás, 1975- (Author)
Format: Article
Language:Hungarian
PhysicalDescription:Fotogr.
ISSN:1335-6321
Subjects:

MARC

LEADER 00000nab a2200000 ar4500
001 vtls009007017
003 SK-MaSNL
005 20260319074212.0
008 070712c2007 xo |||||||| |000 b|hun
015 |a SNBRB2007/07  |2 snkbucl 
038 |a SNKBUCL 
040 |a DSZK  |b slo  |c DSZK  |e AACR2 
041 0 |a hun 
044 |a xo  |c SK 
080 |a 82:929:821.14`06  |2 1997 
080 |a 821.14`06:929  |2 1997 
080 |a 929 Kavafis, Konstantinos  |2 1997 
100 1 |a Halmai, Tamás,  |d 1975-  |4 aut  |9 412852 
245 1 0 |a Ithaka láthatatlan partvidéke  |c Halmai Tamás 
300 |b Fotogr. 
600 1 7 |a Kavafis, Konstantinos,  |d 1863-1933  |2 snkbucl  |9 26968 
773 0 |t Szőrös kő : irodalom, művészet, kritika  |g Évf. 12, sz. 2 (2007), o. 61-64  |x 1335-6321 
852 |a SNK  |b KIS3GCP 
852 |a DSZK  |b KIS3GCP 
958 |a HU 
958 |a LX 
958 |a GR 
958 |a BC 
999 |c 1700323  |d 1702253